Who's who in America 1980 1981 /Marquis Who's Who

Đã lưu trong:
Chi tiết về thư mục
Nhiều tác giả của công ty: Marquis Who's Who, ed
Định dạng: Texto
Được phát hành: Chicago: Who's Who in America
Phiên bản:41
Các nhãn: Thêm thẻ
Không có thẻ, Là người đầu tiên thẻ bản ghi này!

MARC

LEADER 00000 a a2200000 04500
001 23349
003
040
090 |a 161300  
110 |a Marquis Who's Who  
245 |a Who's who in America 1980 1981 /Marquis Who's Who  
250 |a 41  
260 |a Chicago:   |b Who's Who in America  
300 |a 1921 p; vol. I  
710 |a ed  
999 |c 8108  |d 8108